Loading...
| Literature - British | 0 | 3 | 0 | 0 | 30 | 31 | 52.00 | 0 | 3 | 16.35 | 20.00 |
| Mythology | 0 | 3 | 0 | 0 | 30 | 67 | 72.33 | 0 | 3 | 10.16 | 15.00 |
| Science - Other | 0 | 3 | 0 | 1 | 30 | 114 | 124.00 | 0 | 1 | 0.60 | 7.50 |
| Social Science | 0 | 3 | 0 | 1 | 30 | 92 | 96.00 | 0 | 1 | 1.31 | 10.71 |
| Popular Culture | 0 | 2 | 0 | 0 | 20 | 44 | 46.00 | 0 | 2 | 19.71 | 16.67 |
| Philosophy | 0 | 2 | 0 | 1 | 20 | 67 | 85.00 | 0 | 1 | 4.04 | 12.50 |
| Literature - European | 0 | 2 | 0 | 0 | 20 | 78 | 94.50 | 0 | 1 | 3.59 | 10.00 |
| Science - Biology | 0 | 1 | 0 | 1 | 10 | 104 | 104.00 | 0 | 0 | 0.00 | 2.50 |
| Literature - World | 0 | 1 | 0 | 1 | 10 | 106 | 106.00 | 0 | 0 | 0.00 | 2.50 |
| Fine Arts - Classical Music | 0 | 1 | 0 | 1 | 10 | 97 | 97.00 | 0 | 1 | 2.42 | 5.00 |
| Fine Arts - Other | 0 | 1 | 0 | 0 | 10 | 83 | 83.00 | 0 | 0 | 3.46 | 2.50 |
| Fine Arts - Painting and Sculpture | 0 | 1 | 0 | 0 | 10 | 92 | 92.00 | 0 | 1 | 2.14 | 5.00 |
| Literature - American | 0 | 1 | 0 | 0 | 10 | 82 | 82.00 | 0 | 1 | 2.81 | 7.50 |
| Current Events | 0 | 1 | 0 | 1 | 10 | 109 | 109.00 | 0 | 1 | 0.00 | 6.25 |
| Religion | 0 | 1 | 0 | 0 | 10 | 81 | 81.00 | 0 | 1 | 3.25 | 2.50 |
| History - American | 0 | 1 | 1 | 0 | 5 | 75 | 75.00 | 0 | 1 | 3.18 | 5.00 |